El misterio de la palabra

Saved in:
Bibliografiske detaljer
Hovedforfatter: Collado, Vicente (Author)
Format: Bog
Sprog:spansk
italiensk
engelsk
fransk
Udgivet: Madrid Cristiandad 1983
Fag:
Tags: Tilføj Tag
Ingen Tags, Vær først til at tagge denne postø!

MARC

LEADER 00000nam a2200000 a 4500
001 UCL3758
003 CL-VaPUC
008 031212e19830000SP |||||||||||||||||spa|d
041 0 7 |a spa  |2 CL-VaPUC 
041 0 7 |a ita  |2 CL-VaPUC 
041 0 7 |a eng  |2 CL-VaPUC 
041 0 7 |a fre  |2 CL-VaPUC 
082 0 4 |a 220  |b COL  |2 21 
100 0 |a Collado, Vicente  |e author  |9 481160 
245 1 3 |a El misterio de la palabra 
300 |a 350 p 
942 |c BK 
945 |d 20031212 00:00:00  |a vberengu 
260 |a Madrid  |b Cristiandad  |c 1983 
650 0 |a Textos sagrados   |9 257605 
650 0 |a Biblia  |9 257603 
650 0 |a Antiguo testamento   |9 313678 
650 7 |a NUEVO TESTAMENTO- CRITICA E INTERPRETACION  |2 CL-VaPUC  |9 481161 
583 |a last modification  |c 20031212 00:00:00  |k Rodrigo Vera 
999 |c 306766  |d 306764 
952 |0 0  |1 0  |4 0  |6 220_000000000000000_COL_1983  |7 0  |8 A  |9 372035  |a BIBTEO  |b BIBTEO  |d 2019-11-21  |i 2097168  |o 220 COL 1983  |p 2097168  |r 2025-01-17  |w 2019-11-21  |y BK  |k ICR 
952 |0 0  |1 2  |4 0  |6 220_000000000000000_COL_1983  |7 0  |8 A  |9 372036  |a BIBTEO  |b BIBTEO  |d 2019-11-21  |i 2097176  |o 220 COL 1983  |p 2097176  |r 2019-11-21  |w 2019-11-21  |x Descarte 2019  |y BK  |k ICR